Indian sits on AIDS bomb / (Record no. 125945)

MARC details
000 -LEADER
fixed length control field 00748nam a22002417a 4500
003 - CONTROL NUMBER IDENTIFIER
control field dpl
005 - DATE AND TIME OF LATEST TRANSACTION
control field 20180530172810.0
008 - FIXED-LENGTH DATA ELEMENTS--GENERAL INFORMATION
fixed length control field 180530b xxu||||| |||| 00| 0 eng d
010 ## - LIBRARY OF CONGRESS CONTROL NUMBER
LC control number A-996370
020 ## - INTERNATIONAL STANDARD BOOK NUMBER
Terms of availability 250.00
International Standard Book Number 8176461091
035 ## - SYSTEM CONTROL NUMBER
System control number A-996370, A-996374
037 ## - SOURCE OF ACQUISITION
Source of stock number/acquisition Cen Lib/Ret
040 ## - CATALOGING SOURCE
Original cataloging agency DPL
Language of cataloging EN
Transcribing agency 0
082 ## - DEWEY DECIMAL CLASSIFICATION NUMBER
Classification number 362.1969792
Item number SIN
100 ## - MAIN ENTRY--PERSONAL NAME
Personal name Sinha, S.P.
9 (RLIN) 16061
245 ## - TITLE STATEMENT
Title Indian sits on AIDS bomb /
Statement of responsibility, etc by S.P.Sinha
260 ## - PUBLICATION, DISTRIBUTION, ETC. (IMPRINT)
Place of publication, distribution, etc Delhi
Name of publisher, distributor, etc B.R.Publishing Corporation
Date of publication, distribution, etc 1999
270 ## - ADDRESS
City Delhi
Address 3779, 1st Floor, Kanhaiya Nagar, Tri Nagar
Postal code 110035
300 ## - PHYSICAL DESCRIPTION
Extent xx,106p.
Dimensions 22cm(Hb)
650 ## - SUBJECT ADDED ENTRY--TOPICAL TERM
Topical term or geographic name as entry element AIDS (Disease) -- India.
9 (RLIN) 16062
650 ## - SUBJECT ADDED ENTRY--TOPICAL TERM
Topical term or geographic name as entry element AIDS (Disease)
9 (RLIN) 16063
942 ## - ADDED ENTRY ELEMENTS (KOHA)
Source of classification or shelving scheme Dewey Decimal Classification
Koha item type English Books
Classification part 362.1969792
Call number suffix SIN
Holdings
Withdrawn status Lost status Damaged status Not for loan Home library Current library Date acquired Source of acquisition Cost, normal purchase price Total Checkouts Full call number Barcode Date last seen Date checked out Copy number Cost, replacement price Price effective from Koha item type Source of classification or shelving scheme Collection code
        Central Library Central Library 24/06/2015 Cen Lib/Ret 250.00 1 362.1969792 SIN A-996370 17/08/2023 18/07/2023 1 250.00 15/09/2016 English Books    
        Shahdara Branch Shahdara Branch 30/05/2018 BPPD/PUB 250.00   362.1969792 SIN A-996374 30/05/2018     250.00 30/05/2018 English Books Dewey Decimal Classification Non-fiction

© Delhi Public Library
Hit Counter
free hit counter